000 00756cam a2200253 4500
008 000000n2000 000 0 eng u
020 _a0793135192
035 _a(Sirsi) u112763
041 _aeng
050 _a332.63240973
100 _aSirota, David
245 _aEssentials of real estate finance.
250 _a10th ed.
260 _aChicago, Ill.
_bReal Estate Education Company
_c2000
300 _aix,284p. ; 28cm.
350 _a45.95
520 _aAn American textbook covering the principles, practices and applications of real estate finance.
650 _aPROPERTY FINANCE
650 _aLOANS
650 _aMORTGAGES
650 _aUNITED STATES
690 _aMANAGEMENT-BUSINESS MANAGEMENT-FINANCIAL MANAGEMENT
942 _n0
999 _c101465
_d101465